Faculty of Law Library — Cairo University

Official Online Catalog

الموسوعه الشامله فى شرح القضاء الاداري : (Record no. 74050)

MARC details
000 -LEADER
fixed length control field 01627nam a2200337 i 4500
003 - CONTROL NUMBER IDENTIFIER
control field EG-GICUC
005 - DATE AND TIME OF LATEST TRANSACTION
control field 20260429105708.0
008 - FIXED-LENGTH DATA ELEMENTS--GENERAL INFORMATION
fixed length control field 260429s2006 ua ||||fr|||| 00| 0 ara d
040 ## - CATALOGING SOURCE
Original cataloging agency EG-GICUC
Language of cataloging ara
Transcribing agency EG-GICUC
Modifying agency EG-GICUC
Description conventions rda
041 ## - LANGUAGE CODE
Language code of text/sound track or separate title ara
Language code of original ara
082 04 - DEWEY DECIMAL CLASSIFICATION NUMBER
Edition number 21
Classification number 345.248
Item number ع ل . ق
092 04 - LOCALLY ASSIGNED DEWEY CALL NUMBER (OCLC)
Edition number 21
099 ## - LOCAL FREE-TEXT CALL NUMBER (OCLC)
Classification number Law1 07 345.248 ع ل . ق 2006
100 1# - MAIN ENTRY--PERSONAL NAME
Personal name علي الدين زيدان
Relator term Author.
245 12 - TITLE STATEMENT
Title الموسوعه الشامله فى شرح القضاء الاداري :
Remainder of title معلقا عليها باحداث اراء الفقه والقضاء الاداري واحكام المحكمه الاداريه العليا والمحكمه الدستوريه العليا.
Number of part/section of a work الجزء الخامس,
Name of part/section of a work قانون النيابه الاداريه - الدفوع الاداريه /
Statement of responsibility, etc. علي الدين زيدان , محمد السيد.
264 #1 - PRODUCTION, PUBLICATION, DISTRIBUTION, MANUFACTURE, AND COPYRIGHT NOTICE
Place of production, publication, distribution, manufacture القاهره :
Name of producer, publisher, distributor, manufacturer المكتب الفني للاصدارت القانونيه,
Date of production, publication, distribution, manufacture, or copyright notice 2006.
300 ## - PHYSICAL DESCRIPTION
Extent 367صفحة
Other physical details إيضاحيات، صور، مثيليات ؛
Dimensions 24 سم
336 ## - CONTENT TYPE
Source rda content
Content type term text
337 ## - MEDIA TYPE
Source rda media
Media type term Computer
338 ## - CARRIER TYPE
Source rda carrier
Carrier type term Online Resource
504 ## - BIBLIOGRAPHY, ETC. NOTE
Bibliography, etc. note يشتمل على ارجاعات ببلوجلرافيه
504 ## - BIBLIOGRAPHY, ETC. NOTE
Bibliography, etc. note ببليوجرافيا : صفحات 347-367
546 ## - LANGUAGE NOTE
Language note النص باللغة العربية
650 14 - SUBJECT ADDED ENTRY--TOPICAL TERM
Topical term or geographic name entry element قانون مجلس الدوله
Source of heading or term qrmak
650 14 - SUBJECT ADDED ENTRY--TOPICAL TERM
Topical term or geographic name entry element النيابه الاداريه
Source of heading or term qrmak
651 1# - SUBJECT ADDED ENTRY--GEOGRAPHIC NAME
Source of heading or term qrmak
700 1# - ADDED ENTRY--PERSONAL NAME
Personal name محمد السيد
Relator term مؤلف.
856 40 - ELECTRONIC LOCATION AND ACCESS
Uniform Resource Identifier <a href="https://fll.law.cu.edu.eg/B07-04625/bks/test.pdf">https://fll.law.cu.edu.eg/B07-04625/bks/test.pdf</a>
905 ## - Cataloger and Reviser Names
Cataloger Name: Omnia Hany
942 ## - ADDED ENTRY ELEMENTS (KOHA)
Source of classification or shelving scheme Dewey Decimal Classification
Koha item type Books
Edition 21
Suppress in OPAC No
Holdings
Withdrawn status Lost status Source of classification or shelving scheme Damaged status Not for loan Collection Home library Current library Date acquired Total checkouts Full call number Barcode Date last seen Copy number Price effective from Koha item type
    Dewey Decimal Classification   Not for loan القانون الإداري جــــامعة القــاهرة مكتبة كلية الحقوق - المبنى الرئيسي 29.04.2026   Law1 07 345.248 ع ل . ق 2006 0704625 V1 C1 B07-04625 29.04.2026 1 29.04.2026 Books

© All rights reserved — Faculty of Law, Cairo University